New heritage funding for run-down areas (Record no. 67021)

MARC details
000 -LEADER
fixed length control field 00829cam a2200205 4500
001 - CONTROL NUMBER
control field WB3719-34
008 - FIXED-LENGTH DATA ELEMENTS--GENERAL INFORMATION
fixed length control field 000000n2001 000 0 eng u
035 ## - SYSTEM CONTROL NUMBER
System control number (Sirsi) u112598
245 ## - TITLE STATEMENT
Title New heritage funding for run-down areas
260 ## - PUBLICATION, DISTRIBUTION, ETC.
Date of publication, distribution, etc. 2001
490 ## - SERIES STATEMENT
Series statement Regeneration and Renewal
Volume/sequential designation 11 May 2001, 7(1)
520 ## - SUMMARY, ETC.
Summary, etc. New funds are to be available for schemes to regenerate historic buildings in run-down and deprived urban and rural areas. English Heritage, government's adviser on the historic environment, has announced a £9m package of funding. This is the third round of the agency's Heritage Economic Regeneration Schemes.
590 ## - LOCAL NOTE (RLIN)
Local note WB
650 ## - SUBJECT ADDED ENTRY--TOPICAL TERM
Topical term or geographic name entry element ENGLISH HERITAGE
650 ## - SUBJECT ADDED ENTRY--TOPICAL TERM
Topical term or geographic name entry element HISTORIC BUILDINGS
650 ## - SUBJECT ADDED ENTRY--TOPICAL TERM
Topical term or geographic name entry element DEPRIVED AREAS
650 ## - SUBJECT ADDED ENTRY--TOPICAL TERM
Topical term or geographic name entry element GOVERNMENT FUNDING
690 ## - LOCAL SUBJECT ADDED ENTRY--TOPICAL TERM (OCLC, RLIN)
Topical term or geographic name as entry element REGENERATION
942 ## - ADDED ENTRY ELEMENTS (KOHA)
Suppress in OPAC 0
Holdings
Withdrawn status Lost status Source of classification or shelving scheme Damaged status Not for loan Home library Current library Shelving location Date acquired Total Checkouts Full call number Barcode Date last seen Copy number Price effective from Koha item type
    Dewey Decimal Classification     London London News article 16/05/2001   WB3719-34 112598-1001 06/08/2019 1 06/08/2019 News article